书目信息 |
| 题名: |
中国通史 第八卷
|
|
| 作者: | 范文澜 著 | |
| 分册: | ||
| 出版信息: | 北京 人民出版社 1994.10 |
|
| 页数: | 511页 | |
| 开本: | 32开 | |
| 丛书名: | ||
| 单 册: | ||
| 中图分类: | K20 | |
| 科图分类: | ||
| 主题词: | 中国--通史 | |
| 电子资源: | ||
| ISBN: | 7-01-002029-9 | |
| 000 | 00512nam0 2200181 45 | |
| 001 | 0009101585 | |
| 005 | 20060109134310.10 | |
| 010 | @a7-01-002029-9@d58.00元 | |
| 100 | @a20000910d1994 km y0chiy0120 ea | |
| 101 | 0 | @achi |
| 200 | 1 | @a中国通史 第八卷@AZhong Guo Tong Shi Di Ba Juan@f范文澜等著@FFan Wen Lan Deng Zhu |
| 210 | @a北京@c人民出版社@d1994.10 | |
| 215 | @a511页@d32开 | |
| 606 | 0 | @a中国@x通史 |
| 690 | @aK20@v3 | |
| 701 | 0 | @a范文澜@4著 |
| 801 | @aCN@bPftUser@c20060109 | |
| 905 | @dK20@eF437:8@b133661@f1 | |
| 中国通史 第八卷/范文澜等著.-北京:人民出版社,1994.10 |
| 511页;32开 |
| ISBN 7-01-002029-9:58.00元 |
| ● |
| 相关链接 |
|
|
|
正题名:中国通史 第八卷
索取号:K20/F437:8
 
预约/预借
| 序号 | 登录号 | 条形码 | 馆藏地/架位号 | 状态 | 备注 |
| 1 | 133661 | 201336615 | 社科库309/309社科库 105排4列4层/ [索取号:K20/F437:8] | 在馆 | |
| 2 | 442341 | 204423418 | 社科库309/309社科库 105排4列4层/ [索取号:K20/F437:8] | 在馆 |